| 000 | 00402nam a2200157Ia 4500 | ||
|---|---|---|---|
| 008 | 210716s2001 xx 000 0 und d | ||
| 020 | _a9788178080966 | ||
| 041 | _aeng | ||
| 082 | _a005.43 STEW | ||
| 100 | _aStevens, W Richard. | ||
| 245 | _aAdvanced programming in the unix environment. | ||
| 250 | _a1 | ||
| 260 |
_aNew Delhi _bPearson Education _c2001 |
||
| 300 | _axviii,744 | ||
| 650 | _aUnix | ||
| 999 |
_c184360 _d184360 |
||